|
|
|
|
| LEADER |
00000nam0a2200000 4500 |
| 001 |
8043 |
| 005 |
20231030181636.0 |
| 010 |
|
|
|a 5060035271
|
| 035 |
|
|
|a (RuTPU)RU\TPU\book\8089
|
| 035 |
|
|
|a BOOK00008148
|
| 090 |
|
|
|a 8043
|
| 100 |
|
|
|a 20011209d1998 m y0rusy50 ca
|
| 101 |
0 |
|
|a rus
|
| 102 |
|
|
|a RU
|
| 105 |
|
|
|a a j 000zy
|
| 200 |
1 |
|
|a Основы организации ипотечного кредитования
|e учебное пособие
|f В. А. Кудрявцев, Е. В. Кудрявцева
|
| 210 |
|
|
|a Москва
|c Высшая школа
|d 1998
|
| 215 |
|
|
|a 64 с.
|c ил.
|
| 333 |
|
|
|a Исключено из фонда НТБ ТПУ
|
| 700 |
|
1 |
|a Кудрявцев
|b В. А.
|g Владимир Алексеевич
|
| 701 |
|
1 |
|a Кудрявцева
|b Е. В.
|g Евгения Владимировна
|
| 801 |
|
0 |
|a RU
|b 63413507
|c 20011209
|g PSBO
|
| 801 |
|
2 |
|a RU
|b 63413507
|c 20170417
|g PSBO
|
| 942 |
|
|
|c BK
|